Sli lớn - dân ca của người Nùng Phàn Slình - Lạng Sơn

Uloženo v:
Podrobná bibliografie
Další autoři: Hoàng Tuấn Cư (sưu tầm, giới thiệu, dịch), Hoàng Văn Mộc (sưu tầm, giới thiệu), Lâm Xuân Đào (sưu tầm, giới thiệu)
Médium: Kniha
Jazyk:Vietnamese
Vydáno: H. Hội nhà văn 2016
Témata:
Tagy: Přidat tag
Žádné tagy, Buďte první, kdo otaguje tento záznam!
Thư viện lưu trữ: Mạng thư viện Đại học Đà Nẵng
LEADER 01405nam a2200337 4500
001 000024908
003 21399
005 20170323160337.0
008 170321s2016 viesd
041 0 |a vie 
082 1 4 |a 398.80959711  |b Sli 
245 1 0 |a Sli lớn - dân ca của người Nùng Phàn Slình - Lạng Sơn  |c Hoàng Tuấn Cư, Hoàng Văn Mộc (Sưu tầm, giới thiệu) ; Lâm Xuân Đào dịch 
260 |a H.  |b Hội nhà văn  |c 2016 
300 |a 399 tr.  |c 21 cm. 
500 |a ĐTTS ghi: Hội văn nghệ dân gian Việt Nam 
650 0 4 |a Văn hóa dân gian  |x Người Nùng  |z Việt Nam (Lạng Sơn) 
650 0 4 |a Văn học dân gian  |x Dân ca  |x Người Nùng  |z Việt Nam (Lạng Sơn) 
653 |a Văn học dân gian 
700 1 |a Hoàng Tuấn Cư  |e sưu tầm, giới thiệu, dịch 
700 1 |a Hoàng Văn Mộc  |e sưu tầm, giới thiệu 
700 1 |a Lâm Xuân Đào  |e sưu tầm, giới thiệu 
OWN |a LSP 
AVA |a UDN50  |b LSP  |d 398.80959711 Sli  |e available  |t Error 5001 Not defined in file expand_doc_bib_avail.  |f 1  |g 0  |h N  |i 0  |k 1 
999 |a From the UDN01 
AVA |a UDN50  |b LSP  |d 398.80959711 Sli  |e available  |t Error 5001 Not defined in file expand_doc_bib_avail.  |f 1  |g 0  |h N  |i 0  |k 1 
TYP |a Monograph 
TYP |a Printed language 
980 |a Mạng thư viện Đại học Đà Nẵng